WRITE SOURCE 2000 A GUIDE TO WRITING,THINKING,AND LEARNING / (Record no. 615770)
[ view plain ]
| 000 -LEADER | |
|---|---|
| fixed length control field | 00385nam a22001337a 4500 |
| 020 ## - INTERNATIONAL STANDARD BOOK NUMBER | |
| Qualifying information | PB. |
| 040 ## - CATALOGING SOURCE | |
| Transcribing agency | FIZZA ISHAQ |
| 082 ## - DEWEY DECIMAL CLASSIFICATION NUMBER | |
| Classification number | 372.623 |
| Author Mark | PAT |
| 100 ## - MAIN ENTRY--PERSONAL NAME | |
| Personal name | SEBRANEK,PATRIC. |
| 9 (RLIN) | 132708 |
| 245 ## - TITLE STATEMENT | |
| Title | WRITE SOURCE 2000 A GUIDE TO WRITING,THINKING,AND LEARNING / |
| Statement of responsibility, etc. | PATRICK SEBRANKE. |
| 260 ## - PUBLICATION, DISTRIBUTION, ETC. | |
| Place of publication, distribution, etc. | NEW YORK; |
| Name of publisher, distributor, etc. | HOUGHTON MIFFLIN, |
| Date of publication, distribution, etc. | 372.623 |
| 300 ## - PHYSICAL DESCRIPTION | |
| Extent | 542 P. ; |
| Dimensions | 9.1X6.3IN |
| 942 ## - ADDED ENTRY ELEMENTS (KOHA) | |
| Source of classification or shelving scheme | |
| Koha item type | Book |
| Withdrawn status | Lost status | Source of classification or shelving scheme | Damaged status | Not for loan | Permanent Location | Current Location | Shelving location | Date acquired | Total Checkouts | Full call number | Barcode | Date last seen | Price effective from | Koha item type |
|---|---|---|---|---|---|---|---|---|---|---|---|---|---|---|
| NUST Baluchistan Campus (NBC) | NUST Baluchistan Campus (NBC) | Text Books | 01/05/2026 | 372.623 PAT | QD-905 | 01/05/2026 | 01/05/2026 | Book |
